| 000 | 00381nam a22001457a 4500 | ||
|---|---|---|---|
| 020 | _a969-35-1378-9 | ||
| 040 | _cNUST | ||
| 082 | _a891.4393,BUT | ||
| 100 |
_aButt, Razia _9852 |
||
| 245 |
_aNajia /ناجیہ (Urdu) / _cRazia Butt |
||
| 260 |
_aLahore _bSang-e-Meel Pub _c2013 |
||
| 300 | _a408 p.; | ||
| 650 |
_aUrdu Literature _xNovel _9110271 |
||
| 942 |
_2ddc _cBK _k891.4393,BUT |
||
| 999 |
_c593750 _d593750 |
||